[Event "ODJM A 2023"]
[Site "Willingen GER"]
[Date "2023.05.28"]
[Round "2"]
[White "Riechenberg, Sebastian"]
[Black "Vollbehr, Bjarne"]
[Result "1-0"]
[Termination "normal"]
[Board "26"]
[WhiteElo "1655"]
[BlackElo "1867"]
[WhiteClock "00:15:51"]
[BlackClock "00:31:27"]
[PlyCount "71"]
[WhiteFideId "34605231"]
[BlackFideId "34606025"]
[EventCountry "GER"]
[EventRounds "9"]
[EventType "swiss"]
[EventDate "2023.05.27"]

1. e4 {[%clk 01:30:56]} {[%emt 00:00:04]} e5 {[%clk 01:30:54]} {[%emt
00:00:06]} 2. Nf3 {[%clk 01:31:21]} {[%emt 00:00:05]} Nc6 {[%clk 01:31:19]}
{[%emt 00:00:05]} 3. Bb5 {[%clk 01:31:44]} {[%emt 00:00:07]} a6 {[%clk
01:31:43]} {[%emt 00:00:05]} 4. Ba4 {[%clk 01:32:10]} {[%emt 00:00:04]} Nf6
{[%clk 01:31:33]} {[%emt 00:00:39]} 5. O-O {[%clk 01:32:27]} {[%emt 00:00:13]}
b5 {[%clk 01:31:48]} {[%emt 00:00:15]} 6. Bb3 {[%clk 01:32:47]} {[%emt
00:00:11]} Be7 {[%clk 01:32:01]} {[%emt 00:00:16]} 7. Re1 {[%clk 01:33:07]}
{[%emt 00:00:10]} O-O {[%clk 01:31:49]} {[%emt 00:00:41]} 8. c3 {[%clk
01:33:17]} {[%emt 00:00:20]} d6 {[%clk 01:31:18]} {[%emt 00:01:01]} 9. h3
{[%clk 01:33:33]} {[%emt 00:00:14]} Na5 {[%clk 01:31:35]} {[%emt 00:00:13]} 10.
Bc2 {[%clk 01:33:48]} {[%emt 00:00:16]} c5 {[%clk 01:31:52]} {[%emt 00:00:12]}
11. d4 {[%clk 01:34:08]} {[%emt 00:00:09]} Qc7 {[%clk 01:31:22]} {[%emt
00:01:00]} 12. d5 {[%clk 01:31:38]} {[%emt 00:03:01]} h6 {[%clk 01:30:59]}
{[%emt 00:00:53]} 13. a4 {[%clk 01:31:07]} {[%emt 00:01:02]} Bd7 {[%clk
01:29:43]} {[%emt 00:01:45]} 14. Nbd2 {[%clk 01:25:26]} {[%emt 00:06:11]} Nb7
{[%clk 01:28:48]} {[%emt 00:01:25]} 15. b3 {[%clk 01:17:23]} {[%emt 00:08:33]}
Rfb8 {[%clk 01:24:56]} {[%emt 00:04:21]} 16. Nf1 {[%clk 01:14:41]} {[%emt
00:03:13]} c4 {[%clk 01:24:49]} {[%emt 00:00:37]} 17. b4 {[%clk 01:10:31]}
{[%emt 00:04:40]} a5 {[%clk 01:24:37]} {[%emt 00:00:41]} 18. Ba3 {[%clk
01:09:51]} {[%emt 00:01:10]} bxa4 {[%clk 01:23:08]} {[%emt 00:01:59]} 19. bxa5
{[%clk 01:08:49]} {[%emt 00:01:32]} Nc5 {[%clk 01:19:20]} {[%emt 00:04:18]} 20.
Bxc5 {[%clk 01:07:40]} {[%emt 00:01:39]} Qxc5 {[%clk 01:19:36]} {[%emt
00:00:13]} 21. Bxa4 {[%clk 01:07:41]} {[%emt 00:00:30]} Rxa5 {[%clk 01:19:25]}
{[%emt 00:00:39]} 22. Bxd7 {[%clk 01:06:24]} {[%emt 00:01:48]} Nxd7 {[%clk
01:19:46]} {[%emt 00:00:10]} 23. Ne3 {[%clk 01:02:31]} {[%emt 00:04:22]} Rba8
{[%clk 01:07:32]} {[%emt 00:12:44]} 24. Rxa5 {[%emt 00:04:27]} Rxa5 {[%clk
01:07:41]} {[%emt 00:00:21]} 25. Qe2 {[%clk 00:38:17]} {[%emt 00:20:48]} Nb6
{[%clk 01:07:15]} {[%emt 00:00:55]} 26. Nf5 {[%clk 00:35:35]} {[%emt 00:03:13]}
Bf8 {[%clk 01:06:19]} {[%emt 00:01:25]} 27. N3h4 {[%clk 00:31:48]} {[%emt
00:04:18]} g6 {[%clk 01:05:14]} {[%emt 00:01:36]} 28. Qg4 {[%clk 00:30:54]}
{[%emt 00:01:23]} Kh7 {[%clk 01:05:14]} {[%emt 00:00:30]} 29. Re3 {[%clk
00:31:06]} {[%emt 00:00:18]} Ra1+ {[%clk 00:46:00]} {[%emt 00:19:44]} 30. Kh2
{[%clk 00:29:50]} {[%emt 00:01:45]} Rf1 {[%clk 00:45:36]} {[%emt 00:00:54]} 31.
Nxg6 {[%clk 00:24:23]} {[%emt 00:05:58]} fxg6 {[%clk 00:44:26]} {[%emt
00:01:39]} 32. Nh4 {[%clk 00:23:48]} {[%emt 00:01:05]} g5 {[%clk 00:35:32]}
{[%emt 00:09:24]} 33. Qf5+ {[%clk 00:18:36]} {[%emt 00:05:41]} Kg8 {[%clk
00:32:35]} {[%emt 00:03:27]} 34. Qe6+ {[%clk 00:15:24]} {[%emt 00:03:43]} Kh7
{[%clk 00:31:38]} {[%emt 00:01:25]} 35. Qf7+ {[%clk 00:15:30]} {[%emt
00:00:25]} Bg7 {[%clk 00:31:27]} {[%emt 00:00:42]} 36. Nf5 {[%clk 00:15:51]}
{[%emt 00:00:09]} 1-0

[Event "ODJM A 2023"]
[Site "Willingen GER"]
[Date "2023.05.28"]
[Round "2"]
[White "Uhlmann, Tim"]
[Black "Schwarz, David"]
[Result "0-1"]
[Termination "normal"]
[Board "27"]
[WhiteElo "1859"]
[BlackElo "1431"]
[WhiteClock "00:00:45"]
[BlackClock "00:09:11"]
[PlyCount "70"]
[WhiteFideId "16239210"]
[BlackFideId "16287614"]
[EventCountry "GER"]
[EventRounds "9"]
[EventType "swiss"]
[EventDate "2023.05.27"]

1. e4 {[%clk 01:30:38]} {[%emt 00:00:21]} e5 {[%clk 01:30:56]} {[%emt
00:00:05]} 2. Nf3 {[%clk 01:30:34]} {[%emt 00:00:33]} Nc6 {[%clk 01:31:20]}
{[%emt 00:00:07]} 3. Bc4 {[%clk 01:30:46]} {[%emt 00:00:17]} Bc5 {[%clk
01:31:13]} {[%emt 00:00:38]} 4. O-O {[%clk 01:30:30]} {[%emt 00:00:46]} Nf6
{[%clk 01:30:54]} {[%emt 00:00:50]} 5. d4 {[%clk 01:29:09]} {[%emt 00:01:50]}
exd4 {[%clk 01:24:28]} {[%emt 00:06:57]} 6. e5 {[%clk 01:28:25]} {[%emt
00:01:13]} d5 {[%clk 01:21:03]} {[%emt 00:03:54]} 7. exf6 {[%clk 01:25:44]}
{[%emt 00:03:10]} dxc4 {[%clk 01:21:29]} {[%emt 00:00:05]} 8. Re1+ {[%clk
01:26:05]} {[%emt 00:00:09]} Be6 {[%clk 01:21:48]} {[%emt 00:00:11]} 9. fxg7
{[%clk 01:24:30]} {[%emt 00:02:05]} Rg8 {[%clk 01:22:11]} {[%emt 00:00:06]} 10.
Bg5 {[%clk 01:24:27]} {[%emt 00:00:32]} Be7 {[%clk 01:22:32]} {[%emt 00:00:11]}
11. Bxe7 {[%clk 01:24:51]} {[%emt 00:00:06]} Qxe7 {[%clk 01:23:00]} {[%emt
00:00:02]} 12. Nxd4 {[%clk 01:23:12]} {[%emt 00:02:09]} Rd8 {[%clk 01:19:55]}
{[%emt 00:03:36]} 13. Re4 {[%clk 01:20:15]} {[%emt 00:03:26]} Qb4 {[%clk
01:13:01]} {[%emt 00:07:24]} 14. Nc3 {[%clk 00:54:19]} {[%emt 00:26:22]} Qxb2
{[%clk 00:53:42]} {[%emt 00:19:54]} 15. Ncb5 {[%clk 00:53:27]} {[%emt
00:01:21]} Nxd4 {[%clk 00:53:49]} {[%emt 00:00:24]} 16. Nxd4 {[%clk 00:53:49]}
{[%emt 00:00:07]} c5 {[%clk 00:53:32]} {[%emt 00:00:48]} 17. Qe1 {[%clk
00:54:05]} {[%emt 00:00:12]} Rxd4 {[%clk 00:35:20]} {[%emt 00:18:44]} 18. Rxe6+
{[%clk 00:54:28]} {[%emt 00:00:06]} Kd8 {[%clk 00:35:42]} {[%emt 00:00:08]} 19.
Re5 {[%clk 00:48:52]} {[%emt 00:06:05]} f6 {[%clk 00:29:23]} {[%emt 00:06:50]}
20. Re2 {[%clk 00:42:57]} {[%emt 00:06:25]} Rd7 {[%clk 00:22:50]} {[%emt
00:07:03]} 21. c3 {[%clk 00:29:12]} {[%emt 00:14:14]} Qb6 {[%clk 00:17:18]}
{[%emt 00:06:02]} 22. Re8+ {[%clk 00:13:40]} {[%emt 00:16:01]} Rxe8 {[%clk
00:17:43]} {[%emt 00:00:06]} 23. Qxe8+ {[%clk 00:14:05]} {[%emt 00:00:05]} Kxe8
{[%clk 00:18:09]} {[%emt 00:00:04]} 24. g8=Q+ {[%clk 00:14:27]} {[%emt
00:00:08]} Ke7 {[%clk 00:18:30]} {[%emt 00:00:09]} 25. Re1+ {[%clk 00:14:19]}
{[%emt 00:00:37]} Kd6 {[%clk 00:18:54]} {[%emt 00:00:07]} 26. Qg3+ {[%clk
00:11:46]} {[%emt 00:03:02]} Kd5 {[%clk 00:19:12]} {[%emt 00:00:14]} 27. h3
{[%clk 00:02:39]} {[%emt 00:09:37]} Qd8 {[%clk 00:17:11]} {[%emt 00:02:31]} 28.
Qf3+ {[%clk 00:00:51]} {[%emt 00:02:18]} Kd6 {[%clk 00:17:25]} {[%emt
00:00:16]} 29. Qf4+ {[%clk 00:00:48]} {[%emt 00:00:32]} Kc6 {[%clk 00:17:35]}
{[%emt 00:00:21]} 30. Qxc4 {[%clk 00:00:42]} {[%emt 00:00:36]} b5 {[%clk
00:17:41]} {[%emt 00:00:24]} 31. Re6+ {[%clk 00:00:48]} {[%emt 00:00:23]} Rd6
{[%clk 00:18:00]} {[%emt 00:00:12]} 32. Qe4+ {[%clk 00:01:12]} {[%emt
00:00:06]} Kb6 {[%clk 00:18:13]} {[%emt 00:00:18]} 33. Re8 {[%clk 00:00:47]}
{[%emt 00:00:53]} Qc7 {[%clk 00:17:33]} {[%emt 00:01:11]} 34. g3 {[%clk
00:01:08]} {[%emt 00:00:09]} Qc6 {[%clk 00:17:45]} {[%emt 00:00:19]} 35. Qxc6+
{[%clk 00:00:45]} {[%emt 00:00:53]} Kxc6 {[%clk 00:09:11]} {[%emt 00:09:04]}
0-1

[Event "ODJM A 2023"]
[Site "Willingen GER"]
[Date "2023.05.28"]
[Round "2"]
[White "Mehner, Lorenz"]
[Black "Hofmann, Benjamin"]
[Result "1-0"]
[Termination "normal"]
[Board "28"]
[WhiteElo "1681"]
[BlackElo "1700"]
[WhiteClock "00:18:27"]
[BlackClock "00:41:53"]
[PlyCount "49"]
[WhiteFideId "16293096"]
[BlackFideId "16270266"]
[EventCountry "GER"]
[EventRounds "9"]
[EventType "swiss"]
[EventDate "2023.05.27"]

1. d4 {[%clk 01:30:55]} {[%emt 00:00:04]} d5 {[%clk 01:30:55]} {[%emt
00:00:05]} 2. c4 {[%clk 01:31:08]} {[%emt 00:00:17]} dxc4 {[%clk 01:31:13]}
{[%emt 00:00:12]} 3. Nf3 {[%clk 01:29:26]} {[%emt 00:02:12]} e6 {[%clk
01:30:37]} {[%emt 00:01:06]} 4. e3 {[%clk 01:23:15]} {[%emt 00:06:41]} c5
{[%clk 01:30:20]} {[%emt 00:00:46]} 5. Bxc4 {[%clk 01:22:36]} {[%emt 00:01:10]}
a6 {[%clk 01:30:30]} {[%emt 00:00:21]} 6. Qe2 {[%clk 01:17:36]} {[%emt
00:05:30]} b5 {[%clk 01:29:40]} {[%emt 00:01:19]} 7. Bd3 {[%clk 01:16:41]}
{[%emt 00:01:25]} Nf6 {[%clk 01:28:47]} {[%emt 00:01:23]} 8. dxc5 {[%clk
01:15:12]} {[%emt 00:02:00]} Bxc5 {[%clk 01:28:18]} {[%emt 00:00:58]} 9. e4
{[%clk 01:13:19]} {[%emt 00:02:23]} O-O {[%clk 01:26:48]} {[%emt 00:02:01]} 10.
e5 {[%clk 01:08:17]} {[%emt 00:05:32]} Nd5 {[%clk 01:23:18]} {[%emt 00:04:00]}
11. Bxh7+ {[%clk 01:06:15]} {[%emt 00:02:33]} Kxh7 {[%clk 01:20:05]} {[%emt
00:03:43]} 12. Ng5+ {[%clk 01:00:27]} {[%emt 00:06:17]} Kg8 {[%clk 01:13:41]}
{[%emt 00:06:54]} 13. Qh5 {[%clk 00:58:42]} {[%emt 00:02:16]} Nf6 {[%clk
01:10:21]} {[%emt 00:03:50]} 14. exf6 {[%clk 00:56:54]} {[%emt 00:02:18]} Qd3
{[%clk 01:09:32]} {[%emt 00:01:15]} 15. fxg7 {[%clk 00:45:53]} {[%emt
00:11:35]} Kxg7 {[%clk 01:09:29]} {[%emt 00:00:33]} 16. Nc3 {[%clk 00:35:56]}
{[%emt 00:10:27]} Qf5 {[%clk 01:06:10]} {[%emt 00:03:49]} 17. Qh4 {[%clk
00:27:09]} {[%emt 00:09:17]} Qe5+ {[%clk 01:01:06]} {[%emt 00:05:32]} 18. Nge4
{[%clk 00:26:10]} {[%emt 00:01:30]} Rh8 {[%clk 00:53:59]} {[%emt 00:07:37]} 19.
Qg4+ {[%clk 00:24:37]} {[%emt 00:02:04]} Kf8 {[%clk 00:53:37]} {[%emt
00:00:52]} 20. Bf4 {[%clk 00:23:57]} {[%emt 00:01:10]} Qh5 {[%clk 00:47:59]}
{[%emt 00:06:07]} 21. Qxh5 {[%clk 00:23:06]} {[%emt 00:01:21]} Rxh5 {[%clk
00:42:12]} {[%emt 00:06:17]} 22. Nxc5 {[%clk 00:23:12]} {[%emt 00:00:24]} e5
{[%clk 00:41:35]} {[%emt 00:01:06]} 23. Be3 {[%clk 00:22:33]} {[%emt 00:01:08]}
f5 {[%clk 00:41:36]} {[%emt 00:00:30]} 24. f3 {[%clk 00:21:36]} {[%emt
00:01:27]} Nc6 {[%clk 00:41:53]} {[%emt 00:00:13]} 25. Nd5 {[%clk 00:18:27]}
{[%emt 00:03:39]} 1-0

[Event "ODJM A 2023"]
[Site "Willingen GER"]
[Date "2023.05.28"]
[Round "2"]
[White "Tulchynsky, David"]
[Black "Longo, Massimo"]
[Result "0-1"]
[Termination "normal"]
[Board "29"]
[WhiteElo "1660"]
[BlackElo "1890"]
[WhiteClock "00:22:51"]
[BlackClock "00:33:35"]
[PlyCount "84"]
[WhiteFideId "16289560"]
[BlackFideId "16205227"]
[EventCountry "GER"]
[EventRounds "9"]
[EventType "swiss"]
[EventDate "2023.05.27"]

1. e4 {[%clk 01:30:57]} {[%emt 00:00:02]} e6 {[%clk 01:30:52]} {[%emt
00:00:08]} 2. Nc3 {[%clk 01:31:16]} {[%emt 00:00:12]} b6 {[%clk 01:30:34]}
{[%emt 00:00:49]} 3. g3 {[%clk 01:03:50]} {[%emt 00:27:56]} Bb7 {[%clk
01:30:34]} {[%emt 00:00:30]} 4. Bg2 {[%clk 01:04:14]} {[%emt 00:00:06]} f5
{[%clk 01:22:43]} {[%emt 00:08:20]} 5. d3 {[%clk 01:04:38]} {[%emt 00:00:07]}
Nf6 {[%clk 01:23:02]} {[%emt 00:00:10]} 6. Nge2 {[%clk 01:04:01]} {[%emt
00:01:07]} fxe4 {[%clk 01:19:55]} {[%emt 00:03:37]} 7. dxe4 {[%clk 01:04:03]}
{[%emt 00:00:28]} Bc5 {[%clk 01:19:49]} {[%emt 00:00:36]} 8. O-O {[%clk
01:02:12]} {[%emt 00:02:21]} O-O {[%clk 01:15:54]} {[%emt 00:04:25]} 9. Bg5
{[%clk 01:01:13]} {[%emt 00:01:28]} h6 {[%clk 01:07:51]} {[%emt 00:08:33]} 10.
Bxf6 {[%clk 00:45:56]} {[%emt 00:15:48]} Qxf6 {[%clk 01:05:59]} {[%emt
00:02:22]} 11. Nf4 {[%clk 00:46:20]} {[%emt 00:00:06]} Qf7 {[%clk 01:00:29]}
{[%emt 00:06:01]} 12. Na4 {[%clk 00:37:45]} {[%emt 00:09:05]} Ba6 {[%clk
00:52:12]} {[%emt 00:08:46]} 13. Re1 {[%clk 00:37:05]} {[%emt 00:01:10]} Bxf2+
{[%clk 00:47:14]} {[%emt 00:05:29]} 14. Kxf2 {[%clk 00:37:30]} {[%emt
00:00:05]} e5 {[%clk 00:47:34]} {[%emt 00:00:11]} 15. Kg1 {[%clk 00:28:06]}
{[%emt 00:09:54]} exf4 {[%clk 00:46:36]} {[%emt 00:01:28]} 16. gxf4 {[%clk
00:28:30]} {[%emt 00:00:06]} Qxf4 {[%clk 00:34:26]} {[%emt 00:12:39]} 17. Qd5+
{[%clk 00:20:57]} {[%emt 00:08:03]} Qf7 {[%clk 00:34:47]} {[%emt 00:00:08]} 18.
Qd2 {[%clk 00:14:05]} {[%emt 00:07:23]} Bb7 {[%clk 00:29:34]} {[%emt 00:05:44]}
19. Rf1 {[%clk 00:14:27]} {[%emt 00:00:07]} Qe7 {[%clk 00:29:23]} {[%emt
00:00:40]} 20. Rxf8+ {[%clk 00:14:19]} {[%emt 00:00:39]} Qxf8 {[%clk 00:29:29]}
{[%emt 00:00:24]} 21. Rf1 {[%clk 00:14:46]} {[%emt 00:00:03]} Qe7 {[%clk
00:29:21]} {[%emt 00:00:37]} 22. Nc3 {[%clk 00:12:36]} {[%emt 00:02:41]} Nc6
{[%clk 00:15:42]} {[%emt 00:14:09]} 23. Nd5 {[%clk 00:12:45]} {[%emt 00:00:21]}
Qe5 {[%clk 00:15:56]} {[%emt 00:00:16]} 24. Qf2 {[%clk 00:03:29]} {[%emt
00:09:47]} Qd4 {[%clk 00:08:23]} {[%emt 00:08:03]} 25. Nxc7 {[%clk 00:03:08]}
{[%emt 00:00:52]} Rf8 {[%clk 00:04:48]} {[%emt 00:04:04]} 26. Qxd4 {[%clk
00:03:25]} {[%emt 00:00:13]} Nxd4 {[%clk 00:04:22]} {[%emt 00:00:55]} 27. Rxf8+
{[%clk 00:03:32]} {[%emt 00:00:24]} Kxf8 {[%clk 00:04:37]} {[%emt 00:00:16]}
28. c3 {[%clk 00:03:56]} {[%emt 00:00:05]} Ne2+ {[%clk 00:03:31]} {[%emt
00:01:36]} 29. Kf1 {[%clk 00:04:06]} {[%emt 00:00:21]} Nf4 {[%clk 00:03:35]}
{[%emt 00:00:25]} 30. Bf3 {[%clk 00:03:50]} {[%emt 00:00:46]} a6 {[%clk
00:03:12]} {[%emt 00:00:54]} 31. Nd5 {[%clk 00:03:59]} {[%emt 00:00:21]} Bxd5
{[%clk 00:03:35]} {[%emt 00:00:07]} 32. exd5 {[%clk 00:04:22]} {[%emt
00:00:07]} Ke7 {[%clk 00:03:55]} {[%emt 00:00:09]} 33. b3 {[%clk 00:02:13]}
{[%emt 00:02:40]} Kd6 {[%clk 00:03:42]} {[%emt 00:00:43]} 34. c4 {[%clk
00:01:36]} {[%emt 00:01:08]} Kc5 {[%clk 00:03:41]} {[%emt 00:00:30]} 35. Ke1
{[%clk 00:00:46]} {[%emt 00:01:21]} Kd4 {[%clk 00:03:14]} {[%emt 00:00:56]} 36.
Kd2 {[%clk 00:01:11]} {[%emt 00:00:06]} d6 {[%clk 00:03:22]} {[%emt 00:00:21]}
37. a4 {[%clk 00:01:09]} {[%emt 00:00:32]} a5 {[%clk 00:03:37]} {[%emt
00:00:15]} 38. h4 {[%clk 00:00:58]} {[%emt 00:00:42]} g5 {[%clk 00:03:41]}
{[%emt 00:00:26]} 39. hxg5 {[%clk 00:01:16]} {[%emt 00:00:12]} hxg5 {[%clk
00:04:04]} {[%emt 00:00:07]} 40. Bg4 {[%clk 00:01:29]} {[%emt 00:00:17]} Nd3
{[%clk 00:03:36]} {[%emt 00:00:57]} 41. Bf5 {[%clk 00:01:39]} {[%emt 00:00:21]}
Nc5 {[%clk 00:03:34]} {[%emt 00:00:31]} 42. Bc2 {[%clk 00:22:51]} {[%emt
00:09:18]} g4 {[%clk 00:33:35]} {[%emt 00:00:29]} 0-1

[Event "ODJM A 2023"]
[Site "Willingen GER"]
[Date "2023.05.28"]
[Round "2"]
[White "Abou Wally, Adrian"]
[Black "Korbel, Joshua"]
[Result "0-1"]
[Termination "normal"]
[Board "30"]
[WhiteElo "1753"]
[BlackElo "1682"]
[WhiteClock "00:16:41"]
[BlackClock "00:00:59"]
[PlyCount "46"]
[WhiteFideId "16245113"]
[BlackFideId "16273184"]
[EventCountry "GER"]
[EventRounds "9"]
[EventType "swiss"]
[EventDate "2023.05.27"]

1. e4 g6 2. d4 Bg7 3. Nc3 d6 4. Be3 a6 5. Nf3 Nf6 6. Qd2 h6 7. O-O-O b5 8. Bd3
Bb7 9. e5 Nd5 10. e6 fxe6 11. Bxg6+ Kd7 12. Rhe1 Qg8 13. Nxd5 Bxd5 14. Bf4 Nc6
15. Be4 Bxe4 16. Rxe4 e5 17. dxe5 Qxa2 18. c3 Na5 19. Qe1 Nc4 20. Re2 Rae8 21.
exd6 exd6 22. Be5 Bxe5 23. Nxe5+ Rxe5 0-1

[Event "ODJM A 2023"]
[Site "Willingen GER"]
[Date "2023.05.28"]
[Round "2"]
[White "Zobel, Christian"]
[Black "Mader, Fabian"]
[Result "0-1"]
[Termination "normal"]
[Board "31"]
[WhiteElo "1633"]
[BlackElo "1889"]
[WhiteClock "00:32:25"]
[BlackClock "00:37:28"]
[PlyCount "62"]
[WhiteFideId "16259068"]
[BlackFideId "16265866"]
[EventCountry "GER"]
[EventRounds "9"]
[EventType "swiss"]
[EventDate "2023.05.27"]

1. d4 {[%clk 01:30:58]} {[%emt 00:00:01]} Nf6 {[%clk 01:30:52]} {[%emt
00:00:08]} 2. c4 {[%clk 01:31:23]} {[%emt 00:00:06]} g6 {[%clk 01:31:14]}
{[%emt 00:00:09]} 3. Nc3 {[%clk 01:31:48]} {[%emt 00:00:04]} d5 {[%clk
01:31:32]} {[%emt 00:00:12]} 4. cxd5 {[%clk 01:32:10]} {[%emt 00:00:08]} Nxd5
{[%clk 01:31:54]} {[%emt 00:00:08]} 5. e4 {[%clk 01:32:38]} {[%emt 00:00:02]}
Nxc3 {[%clk 01:32:17]} {[%emt 00:00:07]} 6. bxc3 {[%clk 01:33:07]} Bg7 {[%clk
01:32:40]} {[%emt 00:00:07]} 7. Be3 {[%clk 01:32:46]} {[%emt 00:00:50]} O-O
{[%clk 01:32:21]} {[%emt 00:00:49]} 8. Nf3 {[%clk 01:31:31]} {[%emt 00:01:45]}
c5 {[%clk 01:32:11]} {[%emt 00:00:41]} 9. Be2 {[%clk 01:31:08]} {[%emt
00:00:53]} Nc6 {[%clk 01:31:51]} {[%emt 00:00:50]} 10. O-O {[%clk 01:30:50]}
{[%emt 00:00:48]} cxd4 {[%clk 01:30:49]} {[%emt 00:01:32]} 11. cxd4 {[%clk
01:31:12]} {[%emt 00:00:08]} b6 {[%clk 01:30:44]} {[%emt 00:00:36]} 12. Rc1
{[%clk 01:27:33]} {[%emt 00:04:08]} Bb7 {[%clk 01:30:41]} {[%emt 00:00:33]} 13.
Qa4 {[%clk 01:17:50]} {[%emt 00:10:13]} Qd6 {[%clk 01:24:33]} {[%emt 00:06:38]}
14. Rfd1 {[%clk 01:12:39]} {[%emt 00:05:40]} Rac8 {[%clk 01:23:00]} {[%emt
00:02:04]} 15. d5 {[%clk 01:03:13]} {[%emt 00:09:56]} Qb4 {[%clk 01:18:54]}
{[%emt 00:04:36]} 16. Rc4 {[%clk 01:01:48]} {[%emt 00:01:55]} Qxa4 {[%clk
01:18:21]} {[%emt 00:01:04]} 17. Rxa4 {[%clk 01:02:17]} {[%emt 00:00:02]} Na5
{[%clk 01:18:22]} {[%emt 00:00:29]} 18. Bd2 {[%clk 01:01:24]} {[%emt 00:01:22]}
Bc3 {[%clk 01:16:49]} {[%emt 00:02:03]} 19. Bxc3 {[%clk 00:57:27]} {[%emt
00:04:27]} Rxc3 {[%clk 01:16:44]} {[%emt 00:00:35]} 20. Nd4 {[%clk 00:53:32]}
{[%emt 00:04:25]} Rfc8 {[%clk 01:15:05]} {[%emt 00:02:10]} 21. Nb5 {[%clk
00:49:38]} {[%emt 00:04:23]} Rc1 {[%clk 01:11:45]} {[%emt 00:03:50]} 22. Rad4
{[%clk 00:44:18]} {[%emt 00:05:50]} Ba6 {[%clk 01:03:18]} {[%emt 00:08:57]} 23.
Bf1 {[%clk 00:43:20]} {[%emt 00:01:28]} Bxb5 {[%clk 00:58:18]} {[%emt
00:05:31]} 24. Bxb5 {[%clk 00:41:30]} {[%emt 00:02:20]} R1c2 {[%clk 00:56:08]}
{[%emt 00:02:40]} 25. e5 {[%clk 00:38:13]} {[%emt 00:03:47]} Rxa2 {[%clk
00:49:45]} {[%emt 00:06:53]} 26. d6 {[%clk 00:38:32]} {[%emt 00:00:10]} e6
{[%clk 00:49:19]} {[%emt 00:00:57]} 27. d7 {[%clk 00:38:29]} {[%emt 00:00:33]}
Rd8 {[%clk 00:49:44]} {[%emt 00:00:05]} 28. Rc1 {[%clk 00:36:43]} {[%emt
00:02:16]} Kf8 {[%clk 00:49:19]} {[%emt 00:00:55]} 29. g3 {[%clk 00:34:02]}
{[%emt 00:03:10]} Ke7 {[%clk 00:43:25]} {[%emt 00:06:23]} 30. Rc8 {[%clk
00:32:54]} {[%emt 00:01:39]} Nb7 {[%clk 00:41:07]} {[%emt 00:02:48]} 31. Rd6
{[%clk 00:32:25]} {[%emt 00:00:59]} Rb2 {[%clk 00:37:28]} {[%emt 00:04:10]} 0-1